000 01284nam a22003617a 4500
003 CHAP
005 20220329140255.0
008 971013s1986 r 00010 d
010 _a49585
011 _a50557
035 _a54707
040 _cCHAP
090 _aTesis
100 0 0 _aRobledo Santoyo, Edmundo.
_998041
245 _aDinámica del fósforo en suelos calcimorficos de la zona de abastecimiento del ingenio Atencingo
260 _aChapingo, Méx. :
_bEl autor,
_c1986
300 _a136 h.
_b; gráfs.
502 _aTesis (M. C. Esp. en Suelos) -- Colegio de Postgraduados. Centro de Edafología
590 _aALEPH
_b10
_c20130110
_lUCH01
_h1322
590 _aBATCH-UPD
_b10
_c20130110
_lUCH01
_h0806
590 _aBATCH-UPD
_b10
_c20130410
_lUCH01
_h0444
590 _aBATCH-UPD
_b10
_c20130914
_lUCH01
_h0836
590 _aCONVERSION
_b10
_c20130109
_lUCH01
_h1327
650 1 4 _aCaña de azúcar
_xRendimiento.
_918643
650 1 4 _aFósforo
_xEfecto en caña de azúcar.
_942221
650 1 4 _aIngenio de Atencingo, Pue.
_958287
650 1 4 _aSuelos
_xCalcio en.
_9110225
650 1 4 _aSuelos
_xFósforo en.
_9110376
901 _aBK
942 _cFOLL
949 _bBC
_cTES
_d-120536
_eTS1
_h19175
_i54707
_si
949 _bBC
_cTES
_d33724000934626
_eTS2
_fc.2
_h19176
_i54707
_si
999 _c49585
_d49585